| 000 | 00666nmc a2200265 a 4500 | ||
|---|---|---|---|
| 003 | AR-BaBNM | ||
| 005 | 20251128210235.0 | ||
| 008 | 249019s1997 ||||||||||||||000 | spa|| | ||
| 020 | _a950-03-0180-6 | ||
| 040 | _cAR-BaBNM | ||
| 100 | 1 | _aNeruda, Pablo | |
| 245 | 1 | 0 | _aOdas elementales |
| 250 | _a11ª ed. | ||
| 260 |
_aBuenos Aires _bLosada _c1997 |
||
| 300 | 0 | _a225 p. | |
| 490 | 0 |
_aBiblioteca clásica y contemporánea _vv. 280 |
|
| 650 | 4 | _aLITERATURA CHILENA | |
| 650 | 4 | _aPOESIA | |
| 650 | 4 | _aESCRITORES | |
| 650 | 4 | _aLITERATURA LATINOAMERICANA | |
| 650 | 4 | _aLITERATURA CONTEMPORANEA | |
| 655 | _aLITERATURA | ||
| 942 | _cBK | ||
| 998 | _cMARTIN | ||
| 999 |
_c14621 _d14621 |
||